Thermal Engineering (Record no. 184)

MARC details
000 -LEADER
Fixed length control field 00489nam a2200181 4500
003 - CONTROL NUMBER IDENTIFIER
Control field SEACOMEC
005 - DATE AND TIME OF LATEST TRANSACTION
Control field 20240417122310.0
008 - FIXED-LENGTH DATA ELEMENTS--GENERAL INFORMATION
Fixed length control field 231007b |||||||| |||| 00| 0 eng d
040 ## - CATALOGING SOURCE
Original cataloging agency SEACOMEC
082 ## - DEWEY DECIMAL CLASSIFICATION NUMBER
Classification number 621.4025
Book Number K95
100 1# - MAIN ENTRY--PERSONAL NAME
Personal name Kumar, Ajoy
245 1# - TITLE STATEMENT
Title Thermal Engineering
Statement of responsibility Ajoy Kumar and G.N. Sah
260 ## - IMPRINT
Place of publication New Delhi
Name of publisher Narosa
Date of publication 2004
650 ## - SUBJECT ADDED ENTRY--TOPICAL TERM
Topical term Human physiology
650 ## - SUBJECT ADDED ENTRY--TOPICAL TERM
Topical term Hematopoietic, lymphatic, glandular, urinary systems
700 1# - ADDED ENTRY--PERSONAL NAME
Personal name Sah, G.N.
942 ## - ADDED ENTRY ELEMENTS (KOHA)
Koha item type Books
Holdings
Withdrawn status Lost status Source of classification Damaged status Not for loan Home library Current library Date acquired Total Checkouts Call number Accession number Date last seen Price effective from Koha item type
    Dewey Decimal Classification     SEACOM ENGINEERING COLLEGE SEACOM ENGINEERING COLLEGE 04/08/2006   621.4025 K95 5152 17/04/2024 17/04/2024 Books
© Seacom Engineering College, All rights reserved.      Powered by Koha